| 000 | 00663nam a2200217 u 4500 | ||
|---|---|---|---|
| 005 | 20240228063959.0 | ||
| 008 | 090205s2005 cl r 000 0 spa d | ||
| 020 | _a980691550X | ||
| 035 | _aUPN01000168840 | ||
| 049 | _aI | ||
| 050 | 4 |
_aLB1575.8 _bF5.2 |
|
| 100 | 1 |
_aFlores, Blanca _933585 |
|
| 245 | 1 | 0 |
_aAhorra palabras / _cBlanca Flores ; il. Miguel Rangel. |
| 260 |
_aBogotá : _bEl Nacional, _c2005. |
||
| 300 |
_a31 p. : _bprincipalmente il. col. |
||
| 440 | 0 |
_aBrújula de papel. _pLengua y literatura ; _v24 |
|
| 650 | 4 |
_aExpresión oral _91525 |
|
| 650 | 4 |
_aLibros y lectura para niños _92290 |
|
| 700 | 1 |
_aRangel, Miguel, _eil. |
|
| 905 | _aInfantil | ||
| 999 |
_c140946 _d140946 |
||